[Event "4NCL/Div1/GUI2 vs. NWE1"]
[Site "Wokefield Park ENG"]
[Date "2007.05.07"]
[Round "11.5"]
[White "Flear, Glenn C"]
[Black "Redmond, John"]
[Result "1-0"]
[WhiteElo "2476"]
[BlackElo "2226"]
[PlyCount "118"]
[EventDate "2007.05.07"]
[EventType "team"]
[EventRounds "11"]
[EventCountry "ENG"]
[WhiteTeam "Guildford-ADC 2"]
[BlackTeam "N W Eagles 1"]

1. d4 e6 2. c4 f5 3. g3 Nf6 4. Bg2 Be7 5. Nf3 O-O 6. O-O d6 7. Nc3 Ne4 8. Nxe4
fxe4 9. Nd2 d5 10. f3 Bf6 11. e3 exf3 12. Nxf3 Nc6 13. Bd2 Kh8 14. Bc3 dxc4 15.
Qa4 Rb8 16. Qxc4 Qd5 17. Qd3 Bd7 18. Nd2 Qh5 19. Ne4 Qg6 20. Rad1 Be7 21. Nc5
Qxd3 22. Rxd3 Rxf1+ 23. Bxf1 Bc8 24. Bh3 Nd8 25. Rd1 b6 26. Nd3 Nf7 27. Nf4 Ng5
28. Bg2 Bd6 29. h4 Nf7 30. Bh3 Kg8 31. Kf2 Nd8 32. e4 Kf7 33. e5 Be7 34. b3 c6
35. Bg2 Bb7 36. Be4 Kg8 37. Ke3 Rc8 38. Bd3 c5 39. Bc4 cxd4+ 40. Bxd4 Rc6 41.
Bb2 Bc8 42. Ba3 Kf7 43. Bd6 Nb7 44. Bxe7 Kxe7 45. Bd3 Rc5 46. Bxh7 Rxe5+ 47.
Be4 Rc5 48. Ng6+ Ke8 49. Rf1 Nd6 50. Rf8+ Kd7 51. g4 Ba6 52. Rg8 Ne8 53. Bc6+
Kxc6 54. Rxe8 e5 55. Re6+ Kb5 56. Nxe5 Kb4 57. Re7 Ka3 58. Kf4 Ra5 59. Nc6 Kxa2
1-0

[Event "4NCL/Div1/GUI2 vs. NWE1"]
[Site "Wokefield Park ENG"]
[Date "2007.05.07"]
[Round "11.6"]
[White "Lyell, Mark"]
[Black "Shaw, John K"]
[Result "0-1"]
[WhiteElo "2203"]
[BlackElo "2441"]
[PlyCount "90"]
[EventDate "2007.05.07"]
[EventType "team"]
[EventRounds "11"]
[EventCountry "ENG"]
[WhiteTeam "N W Eagles 1"]
[BlackTeam "Guildford-ADC 2"]

1. f4 c5 2. Nf3 g6 3. g3 Bg7 4. Bg2 Nc6 5. O-O d6 6. d3 e5 7. c4 Nge7 8. Nc3
O-O 9. Bd2 Rb8 10. Rb1 a6 11. a4 h6 12. Qc1 Kh7 13. fxe5 dxe5 14. Nd5 Be6 15.
e4 b5 16. b3 Qd6 17. Bc3 bxa4 18. bxa4 Rxb1 19. Qxb1 Rb8 20. Qa1 Nd4 21. Nxd4
cxd4 22. Bd2 f5 23. Nxe7 Qxe7 24. Rb1 Qc7 25. Rb2 fxe4 26. Bxe4 Bf5 27. Bxf5
gxf5 28. a5 Rxb2 29. Qxb2 Qc6 30. Qb1 e4 31. Qf1 Kg6 32. g4 fxg4 33. Qf4 exd3
34. Qxg4+ Kh7 35. Qf5+ Qg6+ 36. Qxg6+ Kxg6 37. Kf2 Kf5 38. Kf3 Bf8 39. Bf4 h5
40. Bc7 Bb4 41. Bb6 Ke5 42. Bc7+ Ke6 43. Kf2 Bd6 44. Bb6 Bxh2 45. Bxd4 Bf4 0-1

[Event "4NCL/Div1/GUI2 vs. NWE1"]
[Site "Wokefield Park ENG"]
[Date "2007.05.07"]
[Round "11.7"]
[White "Buckley, Graeme"]
[Black "Tebb, David J"]
[Result "1-0"]
[WhiteElo "2390"]
[BlackElo "2219"]
[PlyCount "117"]
[EventDate "2007.05.07"]
[EventType "team"]
[EventRounds "11"]
[EventCountry "ENG"]
[WhiteTeam "Guildford-ADC 2"]
[BlackTeam "N W Eagles 1"]

1. d4 Nf6 2. c4 g6 3. Nc3 d5 4. cxd5 Nxd5 5. e4 Nxc3 6. bxc3 Bg7 7. Be3 O-O 8.
Qd2 c5 9. Nf3 Qa5 10. Rc1 cxd4 11. cxd4 Qxd2+ 12. Kxd2 Nc6 13. d5 Rd8 14. Ke1
Na5 15. Nd2 Bd7 16. Bd3 e6 17. Ke2 exd5 18. exd5 Ba4 19. Rc5 b6 20. Rc7 Be5 21.
Re7 Bb2 22. Rb1 Ba3 23. Rc7 Bd6 24. Rcc1 f5 25. h3 Re8 26. Kf3 Re5 27. Bb5 Bxb5
28. Rxb5 Rd8 29. Bf4 Ree8 30. Bxd6 Rxd6 31. Nf1 a6 32. Rbb1 b5 33. Ne3 Re4 34.
g4 Nc4 35. Nxc4 Rxc4 36. Rxc4 bxc4 37. Rd1 c3 38. gxf5 gxf5 39. Kf4 c2 40. Rc1
Rxd5 41. Rxc2 Ra5 42. Kg5 Kf7 43. f4 Ke6 44. Re2+ Kd6 45. h4 Rc5 46. h5 a5 47.
Kf6 a4 48. h6 Rc3 49. Rd2+ Kc6 50. Kxf5 Rh3 51. Kg5 Rg3+ 52. Kf6 Rg6+ 53. Ke7
Rxh6 54. f5 Rh1 55. Re2 Rb1 56. f6 h5 57. f7 Rb7+ 58. Ke6 Rb8 59. Rc2+ 1-0

[Event "4NCL/Div1/GUI2 vs. NWE1"]
[Site "Wokefield Park ENG"]
[Date "2007.05.07"]
[Round "11.8"]
[White "Lyell, Meri"]
[Black "Lalic, Susan"]
[Result "0-1"]
[WhiteElo "2058"]
[BlackElo "2348"]
[PlyCount "79"]
[EventDate "2007.05.07"]
[EventType "team"]
[EventRounds "11"]
[EventCountry "ENG"]
[WhiteTeam "N W Eagles 1"]
[BlackTeam "Guildford-ADC 2"]

1. Nf3 d5 2. d4 c5 3. c4 e6 4. cxd5 exd5 5. Bg5 Be7 6. Bxe7 Nxe7 7. dxc5 O-O 8.
Nc3 Na6 9. e4 dxe4 10. Bxa6 Qxd1+ 11. Rxd1 exf3 12. Bxb7 Bxb7 13. Rd7 fxg2 14.
Rg1 Rfe8 15. Rxb7 Rad8 16. f3 Ng6+ 17. Kf2 Nf4 18. Kg3 g5 19. Ne4 Kg7 20. c6
Ne2+ 21. Kxg2 Nxg1 22. Kxg1 Rd1+ 23. Kf2 Rc1 24. c7 Re6 25. Nc3 Rc6 26. Ke3 Rh1
27. Rxa7 Rxh2 28. Nd5 Rxb2 29. Ra8 Rbc2 30. a4 R6c5 31. Kd4 h5 32. a5 h4 33. a6
Rxc7 34. Nxc7 Rxc7 35. a7 Kf6 36. Rh8 Rxa7 37. Ke4 Ra4+ 38. Ke3 Kf5 39. Kf2 f6
40. Rh6 0-1

[Event "4NCL/Div1/SLOS1 vs. BET"]
[Site "Wokefield Park ENG"]
[Date "2007.05.07"]
[Round "11.1"]
[White "Navara, David"]
[Black "Ledger, Andrew J"]
[Result "1-0"]
[WhiteElo "2720"]
[BlackElo "2413"]
[PlyCount "49"]
[EventDate "2007.05.07"]
[EventType "team"]
[EventRounds "11"]
[EventCountry "ENG"]
[WhiteTeam "Slough Sharks 1"]
[BlackTeam "Betsson.com"]

1. c4 e5 2. g3 Nc6 3. Bg2 d6 4. Nc3 Be6 5. d3 Qd7 6. b4 g6 7. b5 Nd8 8. Nf3 Bh3
9. Bxh3 Qxh3 10. d4 Bg7 11. dxe5 Ne6 12. Nd5 O-O-O 13. Qa4 dxe5 14. Be3 e4 15.
O-O-O exf3 16. Qxa7 Rd6 17. Nb6+ cxb6 18. Rxd6 Be5 19. Rc6+ bxc6 20. bxc6 Nd8
21. Qa6+ Kb8 22. Qxb6+ Kc8 23. Rd1 Bc7 24. Qa6+ Kb8 25. Rxd8+ 1-0

[Event "4NCL/Div1/SLOS1 vs. BET"]
[Site "Wokefield Park ENG"]
[Date "2007.05.07"]
[Round "11.2"]
[White "Pert, Richard G"]
[Black "Jones, Gawain C B"]
[Result "1/2-1/2"]
[WhiteElo "2455"]
[BlackElo "2524"]
[PlyCount "22"]
[EventDate "2007.05.07"]
[EventType "team"]
[EventRounds "11"]
[EventCountry "ENG"]
[WhiteTeam "Betsson.com"]
[BlackTeam "Slough Sharks 1"]

1. e4 c5 2. Nf3 d6 3. d4 cxd4 4. Nxd4 Nf6 5. Nc3 g6 6. Bc4 Bg7 7. O-O O-O 8.
Re1 Nc6 9. h3 Nxd4 10. Qxd4 Qa5 11. Bb3 Nd7 1/2-1/2

[Event "4NCL/Div1/SLOS1 vs. BET"]
[Site "Wokefield Park ENG"]
[Date "2007.05.07"]
[Round "11.3"]
[White "Hinks-Edwards, Thomas"]
[Black "Hunt, Harriet"]
[Result "0-1"]
[WhiteElo "2369"]
[BlackElo "2436"]
[PlyCount "88"]
[EventDate "2007.05.07"]
[EventType "team"]
[EventRounds "11"]
[EventCountry "ENG"]
[WhiteTeam "Slough Sharks 1"]
[BlackTeam "Betsson.com"]

1. e4 c5 2. d3 Nc6 3. f4 g6 4. Nf3 Bg7 5. Be2 d6 6. O-O e6 7. Qe1 Nge7 8. Nbd2
Rb8 9. a4 a6 10. Qh4 b5 11. axb5 axb5 12. Kh1 O-O 13. Ng5 h6 14. Nh3 Nd4 15.
Bd1 Nec6 16. Qf2 b4 17. g4 f5 18. Qg3 fxe4 19. dxe4 Bb7 20. c3 bxc3 21. bxc3
Nb5 22. Bb3 Bxc3 23. Bxe6+ Kh7 24. Rb1 Nb4 25. Nf2 Qf6 26. Bc4 Bc6 27. Nf3 Qe7
28. f5 g5 29. h4 Bf6 30. hxg5 hxg5 31. Kg2 Kg7 32. Rh1 Nc3 33. Bxg5 Bxg5 34.
Rh5 Nxe4 35. Nxe4 Bxe4 36. Rbh1 Rh8 37. Rxh8 Rxh8 38. Rxh8 Kxh8 39. Qh2+ Kg7
40. Qh5 d5 41. Qg6+ Kf8 42. Bb5 Nc2 43. Kf2 Bxf3 44. Kxf3 Nd4+ 0-1

[Event "4NCL/Div1/SLOS1 vs. BET"]
[Site "Wokefield Park ENG"]
[Date "2007.05.07"]
[Round "11.4"]
[White "Duncan, Christopher R"]
[Black "Gourlay, Iain"]
[Result "0-1"]
[WhiteElo "2303"]
[BlackElo "2343"]
[PlyCount "76"]
[EventDate "2007.05.07"]
[EventType "team"]
[EventRounds "11"]
[EventCountry "ENG"]
[WhiteTeam "Betsson.com"]
[BlackTeam "Slough Sharks 1"]

1. Nf3 Nf6 2. c4 g6 3. Nc3 Bg7 4. e4 d6 5. d4 O-O 6. Be2 e5 7. O-O Na6 8. Be3
Ng4 9. Bg5 Qe8 10. c5 h6 11. Bh4 g5 12. Bxa6 gxh4 13. Bc4 exd4 14. Nd5 Qd8 15.
Nxd4 dxc5 16. Nf5 Bxf5 17. exf5 Ne5 18. Bb3 c6 19. Nc3 Qxd1 20. Raxd1 Rfd8 21.
Ne4 Nd3 22. f6 Bf8 23. Bc2 c4 24. Bxd3 Rxd3 25. Rxd3 cxd3 26. f3 c5 27. Kf2 c4
28. Ke3 b5 29. g4 hxg3 30. hxg3 Rd8 31. g4 Bb4 32. Rh1 Ba5 33. Rc1 Bb6+ 34. Kd2
Bc7 35. Rh1 Bf4+ 36. Kd1 Be5 37. Rxh6 Bxb2 38. Kd2 c3+ 0-1

[Event "4NCL/Div1/SLOS1 vs. BET"]
[Site "Wokefield Park ENG"]
[Date "2007.05.07"]
[Round "11.5"]
[White "Rendle, Thomas E"]
[Black "Ledger, David J"]
[Result "1-0"]
[WhiteElo "2388"]
[BlackElo "2287"]
[PlyCount "91"]
[EventDate "2007.05.07"]
[EventType "team"]
[EventRounds "11"]
[EventCountry "ENG"]
[WhiteTeam "Slough Sharks 1"]
[BlackTeam "Betsson.com"]

1. d4 f5 2. Nc3 d5 3. Bg5 c6 4. e3 Qb6 5. Rb1 Nd7 6. Bd3 e6 7. Nf3 Ngf6 8. O-O
Ne4 9. Bf4 Be7 10. Ne5 Nxe5 11. Bxe5 O-O 12. Ne2 Bf6 13. Bxf6 Rxf6 14. c4 Bd7
15. b4 Qc7 16. f4 Be8 17. Bxe4 dxe4 18. Qb3 Kh8 19. Nc3 a6 20. c5 Qe7 21. a4
Rh6 22. Qb2 Bd7 23. Ra1 Rg8 24. Ra2 Qf7 25. g3 Rg6 26. Qe2 Rh6 27. Nb1 g5 28.
Nd2 e5 29. fxg5 Rxh2 30. Qxh2 Qxa2 31. dxe5 Rxg5 32. Qh4 Qg8 33. Kf2 Qg6 34.
Rh1 Be6 35. Qh6 Rxg3 36. Qxh7+ Qxh7 37. Rxh7+ Kxh7 38. Kxg3 Kg6 39. Kf4 Ba2 40.
Nf1 Bb3 41. a5 Bc4 42. Ng3 Be6 43. Ne2 Bd7 44. Nd4 Bc8 45. e6 Kf6 46. e7 1-0

[Event "4NCL/Div1/SLOS1 vs. BET"]
[Site "Wokefield Park ENG"]
[Date "2007.05.07"]
[Round "11.6"]
[White "Eames, Robert G"]
[Black "Krensing, Jan"]
[Result "0-1"]
[WhiteElo "2297"]
[BlackElo "2323"]
[PlyCount "72"]
[EventDate "2007.05.07"]
[EventType "team"]
[EventRounds "11"]
[EventCountry "ENG"]
[WhiteTeam "Betsson.com"]
[BlackTeam "Slough Sharks 1"]

1. e4 e6 2. d4 d5 3. Nd2 c5 4. exd5 Qxd5 5. Ngf3 cxd4 6. Bc4 Qd6 7. O-O Nf6 8.
Nb3 Nc6 9. Qe2 a6 10. a4 Be7 11. Rd1 e5 12. Ng5 O-O 13. c3 h6 14. Ne4 Nxe4 15.
Qxe4 Be6 16. Bxe6 Qxe6 17. Qc2 Rac8 18. Nd2 dxc3 19. bxc3 Nd4 20. Qe4 f5 21.
Qxb7 Rb8 22. Qa7 Ra8 23. Qxa8 Ne2+ 24. Kf1 Rxa8 25. Kxe2 Qc6 26. Nf3 Qc4+ 27.
Ke1 e4 28. Ng1 Qxc3+ 29. Bd2 Qe5 30. g3 Bg5 31. Bxg5 hxg5 32. Ne2 f4 33. Rac1
f3 34. Ng1 Rf8 35. Kd2 e3+ 36. fxe3 Qb2+ 0-1

[Event "4NCL/Div1/SLOS1 vs. BET"]
[Site "Wokefield Park ENG"]
[Date "2007.05.07"]
[Round "11.7"]
[White "Muter, Donny"]
[Black "Webb, Laurence E"]
[Result "1/2-1/2"]
[WhiteElo "2196"]
[BlackElo "2300"]
[PlyCount "78"]
[EventDate "2007.05.07"]
[EventType "team"]
[EventRounds "11"]
[EventCountry "ENG"]
[WhiteTeam "Slough Sharks 1"]
[BlackTeam "Betsson.com"]

1. d4 Nf6 2. Nf3 c5 3. e3 d5 4. c4 cxd4 5. exd4 Nc6 6. Nc3 Bg4 7. cxd5 Nxd5 8.
Bc4 e6 9. O-O Be7 10. Nxd5 exd5 11. Be2 O-O 12. Be3 Bf6 13. Qd2 Rc8 14. Rac1
Qd7 15. Rc3 Rfe8 16. h3 Bh5 17. b4 Bg6 18. Rfc1 a6 19. a3 h6 20. Ne1 Na7 21.
Nd3 Rxc3 22. Rxc3 Nb5 23. Nc5 Qe7 24. Bxb5 axb5 25. Nd3 b6 26. Nf4 Qd7 27. Qc1
Qf5 28. Rc6 Bg5 29. Rc3 Bxf4 30. Bxf4 Kh7 31. Be3 Qf6 32. Qf1 Re6 33. Qxb5 Be4
34. Qe2 Rc6 35. Bd2 Rxc3 36. Bxc3 Qg5 37. f3 Qc1+ 38. Qe1 Qxe1+ 39. Bxe1 Bc2
1/2-1/2

[Event "4NCL/Div1/SLOS1 vs. BET"]
[Site "Wokefield Park ENG"]
[Date "2007.05.07"]
[Round "11.8"]
[White "Ledger, Stephen C"]
[Black "Martin, Katie"]
[Result "1-0"]
[WhiteElo "2183"]
[BlackElo "1938"]
[PlyCount "73"]
[EventDate "2007.05.07"]
[EventType "team"]
[EventRounds "11"]
[EventCountry "ENG"]
[WhiteTeam "Betsson.com"]
[BlackTeam "Slough Sharks 1"]

1. d4 Nf6 2. c4 c5 3. d5 b5 4. cxb5 a6 5. b6 Qxb6 6. Nc3 g6 7. e4 d6 8. Nf3 Bg7
9. Nd2 O-O 10. Nc4 Qc7 11. Be2 a5 12. O-O Nbd7 13. a4 Ba6 14. Na3 Qb7 15. Bxa6
Rxa6 16. Qe2 Rc8 17. Rb1 Nb8 18. Ncb5 Ra8 19. Nc4 Ne8 20. Bd2 Ra6 21. Bxa5 Nc7
22. Bxc7 Rxc7 23. Nxc7 Qxc7 24. b3 Ra7 25. f4 Na6 26. f5 Nb4 27. fxg6 fxg6 28.
Qf3 Ra8 29. e5 Rf8 30. exd6 exd6 31. Qe4 Rxf1+ 32. Rxf1 Qd7 33. Qe6+ Qxe6 34.
dxe6 Nd5 35. Nxd6 Bf8 36. Ne4 Be7 37. Rc1 1-0

[Event "4NCL/Div1/3CS1 vs. BRI1"]
[Site "Wokefield Park ENG"]
[Date "2007.05.07"]
[Round "11.1"]
[White "Gordon, Stephen J"]
[Black "Werle, Jan"]
[Result "1/2-1/2"]
[WhiteElo "2490"]
[BlackElo "2556"]
[PlyCount "47"]
[EventDate "2007.05.07"]
[EventType "team"]
[EventRounds "11"]
[EventCountry "ENG"]
[WhiteTeam "3Cs Oldham"]
[BlackTeam "Bristol 1"]

1. d4 Nf6 2. c4 e6 3. Nf3 b6 4. g3 Bb7 5. Bg2 Be7 6. Nc3 O-O 7. Qc2 d5 8. cxd5
exd5 9. O-O Na6 10. Bf4 c5 11. Rad1 Qc8 12. Be5 Ne4 13. dxc5 Bxc5 14. Qb3 Nxc3
15. Qxc3 Bb4 16. Qxc8 Rfxc8 17. Nd4 Bf8 18. Rc1 Re8 19. Bf4 Bc5 20. Be3 Bxd4
21. Bxd4 Rxe2 22. Rfd1 Re7 23. a3 Nc7 24. Be5 1/2-1/2

[Event "4NCL/Div1/3CS1 vs. BRI1"]
[Site "Wokefield Park ENG"]
[Date "2007.05.07"]
[Round "11.2"]
[White "Cobb, Charles"]
[Black "Davies, Nigel R"]
[Result "1/2-1/2"]
[WhiteElo "2407"]
[BlackElo "2501"]
[PlyCount "47"]
[EventDate "2007.05.07"]
[EventType "team"]
[EventRounds "11"]
[EventCountry "ENG"]
[WhiteTeam "Bristol 1"]
[BlackTeam "3Cs Oldham"]

1. c4 e5 2. Nc3 d6 3. d4 exd4 4. Qxd4 Nf6 5. b3 a5 6. Bb2 a4 7. Rd1 axb3 8.
axb3 Nc6 9. Qd2 Be6 10. e4 Be7 11. Bd3 O-O 12. Nge2 Nb4 13. Bb1 c6 14. Nd4 Nd7
15. O-O Nc5 16. Nce2 Qb6 17. Bc3 Nba6 18. Bc2 Nc7 19. Ra1 Rfc8 20. h3 Bf8 21.
Ba5 Qa7 22. Bc3 Qb6 23. Ba5 Qa7 24. Bc3 1/2-1/2

[Event "4NCL/Div1/3CS1 vs. BRI1"]
[Site "Wokefield Park ENG"]
[Date "2007.05.07"]
[Round "11.3"]
[White "Haslinger, Stewart G"]
[Black "Berzinsh, Roland"]
[Result "1-0"]
[WhiteElo "2450"]
[BlackElo "2429"]
[PlyCount "85"]
[EventDate "2007.05.07"]
[EventType "team"]
[EventRounds "11"]
[EventCountry "ENG"]
[WhiteTeam "3Cs Oldham"]
[BlackTeam "Bristol 1"]

1. e4 e5 2. Nf3 Nc6 3. d4 exd4 4. Nxd4 Bc5 5. Nxc6 Qf6 6. Qf3 Qxf3 7. gxf3 bxc6
8. Be3 Bxe3 9. fxe3 Ne7 10. Nc3 d6 11. Rg1 O-O 12. f4 f5 13. Bc4+ Kh8 14. e5
dxe5 15. O-O-O Ng6 16. Rd3 a5 17. Ne2 Re8 18. Bf7 Ba6 19. Bxe8 Rxe8 20. Rd2
Bxe2 21. Rxe2 exf4 22. Rf1 Nh4 23. Rxf4 g5 24. Ra4 Re5 25. Rd2 Kg7 26. Rd7+ Kg6
27. Rxc7 g4 28. Rc4 Rxe3 29. R4xc6+ Kg5 30. Rg7+ Kf4 31. Rc4+ Kf3 32. Rc3 f4
33. Rxh7 Ng2 34. Rf7 Rxc3 35. bxc3 Ke3 36. Re7+ Kf2 37. c4 f3 38. c5 Nf4 39. c6
Kg2 40. Re4 g3 41. hxg3 Kxg3 42. Kd2 Nd5 43. Re5 1-0

[Event "4NCL/Div1/3CS1 vs. BRI1"]
[Site "Wokefield Park ENG"]
[Date "2007.05.07"]
[Round "11.5"]
[White "Ashton, Adam G"]
[Black "Beaumont, Chris"]
[Result "0-1"]
[WhiteElo "2316"]
[BlackElo "2312"]
[PlyCount "104"]
[EventDate "2007.05.07"]
[EventType "team"]
[EventRounds "11"]
[EventCountry "ENG"]
[WhiteTeam "3Cs Oldham"]
[BlackTeam "Bristol 1"]

1. e4 g6 2. d4 Bg7 3. Nc3 d6 4. f4 Nf6 5. Nf3 O-O 6. Be3 b6 7. Qd2 c5 8. O-O-O
cxd4 9. Bxd4 Bb7 10. Bd3 Nbd7 11. h4 e5 12. fxe5 dxe5 13. Be3 Nc5 14. Bxc5 bxc5
15. Qe2 Qb6 16. Bc4 Rab8 17. b3 Nh5 18. Ng5 Ng3 19. Qf3 Nxh1 20. Nxf7 Qf6 21.
Qxf6 Bxf6 22. Nd6+ Kg7 23. Rxh1 Bc6 24. Ndb5 Rb7 25. a4 Be7 26. Nd5 Rf2 27. g4
Bd8 28. Kb2 Rd7 29. Nbc3 h6 30. Nd1 Rf3 31. h5 Bg5 32. hxg6 Kxg6 33. N1c3 Rg3
34. Be2 Be3 35. Nxe3 Rxe3 36. Bc4 Rg3 37. Be6 Rd2 38. Nd5 Bxd5 39. exd5 Kg7 40.
Re1 Rgg2 41. Bf5 Kf6 42. Rh1 Rh2 43. Rxh2 Rxh2 44. Kc3 h5 45. d6 h4 46. g5+ Kf7
47. g6+ Kf6 48. d7 Ke7 49. Kd3 Rg2 50. Ke4 Rg3 51. g7 Rxg7 52. Kxe5 Rg5 0-1

[Event "4NCL/Div1/3CS1 vs. BRI1"]
[Site "Wokefield Park ENG"]
[Date "2007.05.07"]
[Round "11.6"]
[White "Sherwin, James T"]
[Black "Bentley, John L"]
[Result "1-0"]
[WhiteElo "2245"]
[BlackElo "2243"]
[PlyCount "113"]
[EventDate "2007.05.07"]
[EventType "team"]
[EventRounds "11"]
[EventCountry "ENG"]
[WhiteTeam "Bristol 1"]
[BlackTeam "3Cs Oldham"]

1. Nf3 Nf6 2. d4 g6 3. c4 Bg7 4. Nc3 O-O 5. g3 d6 6. Bg2 c6 7. O-O Bf5 8. Nh4
Be6 9. b3 d5 10. cxd5 cxd5 11. Bb2 Nc6 12. e3 Rc8 13. Rc1 Qd7 14. Re1 Rfd8 15.
Qe2 Bg4 16. f3 Be6 17. f4 Bf5 18. Nxf5 gxf5 19. h3 Ne4 20. Kh2 e6 21. Rg1 Kh8
22. g4 Ne7 23. gxf5 Nxf5 24. Nxe4 Rxc1 25. Rxc1 dxe4 26. Bxe4 Ne7 27. Rg1 Nd5
28. Bd3 f5 29. a3 Rg8 30. Qf3 Bf6 31. Rxg8+ Kxg8 32. Bc4 Bd8 33. Kg1 b5 34. Bd3
a6 35. Kf1 Nf6 36. Qa8 Qd5 37. Qxd5 Nxd5 38. Ke2 Bc7 39. Kf3 h6 40. Bc1 Bb6 41.
Bd2 Kf7 42. a4 bxa4 43. bxa4 a5 44. Ba6 Nc7 45. Bb7 Ne8 46. Bc1 Nd6 47. Bc6 Nc4
48. Ke2 Ke7 49. Kd3 Nd6 50. Ba3 Bc7 51. Bc5 Kf6 52. Ba3 Bb8 53. Bb2 Kg6 54. Bc3
Bc7 55. d5 Ne4 56. dxe6 Nxc3 57. e7 1-0

[Event "4NCL/Div1/3CS1 vs. BRI1"]
[Site "Wokefield Park ENG"]
[Date "2007.05.07"]
[Round "11.7"]
[White "Hamelink, Desiree"]
[Black "Buckley, David E"]
[Result "1/2-1/2"]
[WhiteElo "2220"]
[BlackElo "2236"]
[PlyCount "85"]
[EventDate "2007.05.07"]
[EventType "team"]
[EventRounds "11"]
[EventCountry "ENG"]
[WhiteTeam "3Cs Oldham"]
[BlackTeam "Bristol 1"]

1. e4 Nf6 2. e5 Nd5 3. g3 d6 4. exd6 Qxd6 5. Bg2 e5 6. Ne2 Nc6 7. Nbc3 Be6 8.
O-O O-O-O 9. a3 Be7 10. b4 h5 11. Ne4 Qd7 12. c4 Nf6 13. Qc2 Nxe4 14. Bxe4 Nd4
15. Nxd4 Qxd4 16. d3 f5 17. Bb2 Qd7 18. Bg2 Bf6 19. Rad1 h4 20. Qe2 Rde8 21. b5
Kb8 22. a4 g5 23. a5 Qh7 24. Bh1 Bc8 25. a6 g4 26. axb7 Bxb7 27. Bxb7 Kxb7 28.
Ra1 hxg3 29. fxg3 Bg5 30. Qg2+ Kb8 31. Bc1 Bxc1 32. Rfxc1 Qd7 33. Qf2 Qd4 34.
Ra2 Rd8 35. Qxd4 Rxd4 36. Rca1 Rxd3 37. Rxa7 Rd1+ 38. Rxd1 Kxa7 39. Rd7 Kb6 40.
Rf7 Rh5 41. Kg2 e4 42. Rf6+ Kb7 43. Rf7 1/2-1/2

[Event "4NCL/Div1/3CS1 vs. BRI1"]
[Site "Wokefield Park ENG"]
[Date "2007.05.07"]
[Round "11.8"]
[White "Owens, Megan"]
[Black "Walton, Alan J"]
[Result "0-1"]
[WhiteElo "1760"]
[BlackElo "2238"]
[PlyCount "136"]
[EventDate "2007.05.07"]
[EventType "team"]
[EventRounds "11"]
[EventCountry "ENG"]
[WhiteTeam "Bristol 1"]
[BlackTeam "3Cs Oldham"]

1. Nf3 e6 2. d4 f5 3. Bf4 Nf6 4. e3 Be7 5. Bd3 O-O 6. Nbd2 d6 7. O-O Nc6 8. c3
e5 9. dxe5 dxe5 10. Bc4+ Kh8 11. Nxe5 Nxe5 12. Bxe5 Ng4 13. Bg3 Bf6 14. Nf3 Qe7
15. h3 Nh6 16. Qc2 Qc5 17. Bd3 Bd7 18. Nd4 g6 19. b4 Qb6 20. a4 c6 21. Bd6 Rfe8
22. Nb3 Nf7 23. Bc5 Qd8 24. Bd4 Ne5 25. Rad1 Qe7 26. Nc5 Bc8 27. Rfe1 b6 28.
Nb3 Bg7 29. e4 f4 30. Nd2 Rf8 31. Bxe5 Qxe5 32. Rc1 f3 33. Nxf3 Rxf3 34. gxf3
Bxh3 35. Bf1 Qg5+ 36. Kh1 Be6 37. Bg2 Be5 38. c4 Rf8 39. Qd3 Rd8 40. Qe3 Qh4+
41. Kg1 Bd4 42. Qe2 Qg5 43. Kf1 h5 44. f4 Qxf4 45. Qf3 Qe5 46. Qg3 Qg7 47. e5
Rf8 48. Rc2 Qf7 49. Rd1 Bxc4+ 50. Kg1 c5 51. bxc5 bxc5 52. Rxd4 cxd4 53. Qh4
Bb3 54. Rb2 d3 55. Qd4 Qc4 56. Qxc4 Bxc4 57. Rd2 Rf5 58. Be4 Rxe5 59. Bxd3 Rd5
60. Bxc4 Rxd2 61. Kg2 Kg7 62. Kg3 Kf6 63. Kf3 Rb2 64. Bb5 Rxb5 65. axb5 Kf5 66.
Kg3 g5 67. f3 h4+ 68. Kf2 Kf4 0-1

[Event "4NCL/Div1/SWD1 vs. BAR1"]
[Site "Wokefield Park ENG"]
[Date "2007.05.07"]
[Round "11.1"]
[White "Cooper, John G"]
[Black "Parker, Jonathan"]
[Result "1/2-1/2"]
[WhiteElo "2335"]
[BlackElo "2521"]
[PlyCount "38"]
[EventDate "2007.05.07"]
[EventType "team"]
[EventRounds "11"]
[EventCountry "ENG"]
[WhiteTeam "S W Dragons 1"]
[BlackTeam "Barbican 4NCL 1"]

1. d4 Nf6 2. c4 c5 3. d5 e5 4. Nc3 d6 5. e4 Be7 6. Nf3 Nbd7 7. Be2 Nf8 8. h4 h6
9. Nh2 a6 10. a3 Ng6 11. g3 O-O 12. b4 b6 13. Rb1 Qc7 14. bxc5 bxc5 15. O-O Bd7
16. Bd2 Rfb8 17. Qc2 Bd8 18. Rxb8 Rxb8 19. Rb1 Ne7 1/2-1/2

[Event "4NCL/Div1/SWD1 vs. BAR1"]
[Site "Wokefield Park ENG"]
[Date "2007.05.07"]
[Round "11.2"]
[White "Cox, John J"]
[Black "Rayner, Francis"]
[Result "1-0"]
[WhiteElo "2411"]
[BlackElo "2247"]
[PlyCount "85"]
[EventDate "2007.05.07"]
[EventType "team"]
[EventRounds "11"]
[EventCountry "ENG"]
[WhiteTeam "Barbican 4NCL 1"]
[BlackTeam "S W Dragons 1"]

1. c4 e5 2. Nc3 Nf6 3. Nf3 Nc6 4. d3 d5 5. cxd5 Nxd5 6. e4 Nde7 7. Be2 g6 8.
O-O Bg7 9. Bd2 O-O 10. Rc1 Bg4 11. Nxe5 Nxe5 12. Bxg4 Nxd3 13. Rb1 Nc6 14. Be2
Nc5 15. Be3 Nd4 16. Qd2 c6 17. Rbd1 Nxe2+ 18. Qxe2 Qe7 19. Qc4 Nd7 20. Rfe1
Rfd8 21. Qb3 b6 22. Qa4 Ne5 23. Bd4 b5 24. Qa6 Qc7 25. Bxe5 Bxe5 26. g3 Bd4 27.
Rc1 Qb6 28. Qxb6 axb6 29. a3 c5 30. Re2 Bxc3 31. Rxc3 Rd4 32. Rb3 Ra5 33. e5 b4
34. axb4 Rb5 35. e6 fxe6 36. Rxe6 Rdxb4 37. Rf3 Rb3 38. Re8+ Kg7 39. Re7+ Kh6
40. Rff7 Rxb2 41. Kg2 g5 42. Rf6+ Kh5 43. Rxh7+ 1-0

[Event "4NCL/Div1/SWD1 vs. BAR1"]
[Site "Wokefield Park ENG"]
[Date "2007.05.07"]
[Round "11.4"]
[White "Knott, Simon"]
[Black "Spice, Alan"]
[Result "1-0"]
[WhiteElo "2377"]
[BlackElo "2186"]
[PlyCount "53"]
[EventDate "2007.05.07"]
[EventType "team"]
[EventRounds "11"]
[EventCountry "ENG"]
[WhiteTeam "Barbican 4NCL 1"]
[BlackTeam "S W Dragons 1"]

1. Nf3 e6 2. c4 f5 3. g3 Nf6 4. Bg2 Be7 5. O-O O-O 6. d4 d6 7. Nc3 Qe8 8. b3 a5
9. Bb2 c6 10. Qc2 Na6 11. e4 fxe4 12. Nxe4 Nxe4 13. Qxe4 Qh5 14. Rae1 a4 15.
Bc3 Nc7 16. Nd2 Bd7 17. f4 axb3 18. axb3 Rfe8 19. Ra1 Bf6 20. Qe3 d5 21. c5 Nb5
22. Nf3 b6 23. cxb6 c5 24. Ne5 Nxc3 25. Qxc3 cxd4 26. Qc7 Bb5 27. Rxa8 1-0

[Event "4NCL/Div1/SWD1 vs. BAR1"]
[Site "Wokefield Park ENG"]
[Date "2007.05.07"]
[Round "11.5"]
[White "Saunders, John C"]
[Black "Palliser, Richard"]
[Result "0-1"]
[WhiteElo "2180"]
[BlackElo "2414"]
[PlyCount "80"]
[EventDate "2007.05.07"]
[EventType "team"]
[EventRounds "11"]
[EventCountry "ENG"]
[WhiteTeam "S W Dragons 1"]
[BlackTeam "Barbican 4NCL 1"]

1. e4 c5 2. c3 d5 3. exd5 Qxd5 4. d4 Nc6 5. Nf3 Bg4 6. Be2 cxd4 7. cxd4 e6 8.
O-O Nf6 9. Nc3 Qa5 10. h3 Bh5 11. a3 Bd6 12. Be3 O-O 13. b4 Qd8 14. Qd2 Rc8 15.
Rac1 a5 16. b5 Ne7 17. Qb2 Ned5 18. Nxd5 Nxd5 19. Rxc8 Qxc8 20. Rc1 Qd8 21. Bd2
Qe7 22. Ra1 a4 23. Qc2 Ra8 24. Bc1 Qd7 25. Qb2 Qc7 26. Bd2 Qe7 27. g4 Bg6 28.
Ne5 Qf6 29. g5 Qe7 30. Bf3 Bf5 31. Bxd5 exd5 32. Qc3 Rc8 33. Qe3 Qe6 34. h4 f6
35. Nf3 Qxe3 36. fxe3 Be4 37. Ne1 Bg3 38. gxf6 gxf6 39. Rc1 Rxc1 40. Bxc1 Bxe1
0-1